| 000 | 00461nam a22001577a 4500 | ||
|---|---|---|---|
| 003 | OSt | ||
| 005 | 20260601171014.0 | ||
| 008 | 260505b1999\\\\-gea||||\||||\00|\0\eng\d | ||
| 020 | _a3931317315 | ||
| 040 |
_aICI _bspa _cICI |
||
| 050 | 4 |
_aTS171 _bR35 |
|
| 245 | 0 |
_aRanking : _bdesign : 1998-1999 industrie-design, hersteller, industrial design, manufacturers |
|
| 300 |
_a213 páginas : _bilustraciones |
||
| 600 | 4 |
_aDiseño industrial _933529 |
|
| 942 |
_2lcc _cB _n1 |
||
| 999 |
_c20601 _d20601 |
||